000
00308nam a22001337a 4500
008
260223b ||||| |||| 00| 0 eng d
020
_a
9951000
041
_a
Shqip
080
_a
2.1
100
_a
20.1
101
_a
Vepra
245
_a
Sindikatat Gjermane dhe Shkrime tjera
_c
Fehmi Agani
942
_2
lcc
_c
BK
999
_c
60843
_d
60843